000 00297nam a22001337a 4500
008 180807b xxu||||| |||| 00| 0 eng d
082 _a813.52
245 _aThe New Century Handbook
_cHult,Ch,A
260 _c2005
300 _a1
_fCD
440 _x0321259319
760 _b3rd
942 _2ddc
_cMX
999 _c46901
_d46901